Electronic class solution
Vedenie prednášok a cvičení v pedagogickom procese na univerzitách zahŕňa viacero administratívnych krokov, ktoré zaťažujú učiteľa na úkor samotného učenia. Článok opisuje vznik a využitie softvérového riešenia tohto problému.
Gespeichert in:
| 1. Verfasser: | |
|---|---|
| Format: | Buchkapitel |
| Sprache: | Slowakisch |
| Schlagworte: | |
| Tags: |
Keine Tags, Fügen Sie das erste Tag hinzu!
|
MARC
| LEADER | 00000nla$a2200000$$$4500 | ||
|---|---|---|---|
| 001 | 0107006 | ||
| 005 | 20240502072201.1 | ||
| 041 | 0 | |a slo | |
| 044 | |a SK | ||
| 245 | 1 | 0 | |a Electronic class solution |c Miroslav Kršjak |
| 520 | |a Vedenie prednášok a cvičení v pedagogickom procese na univerzitách zahŕňa viacero administratívnych krokov, ktoré zaťažujú učiteľa na úkor samotného učenia. Článok opisuje vznik a využitie softvérového riešenia tohto problému. | ||
| 610 | 2 | 0 | |a vzdelávanie vysokoškolské |
| 610 | 2 | 0 | |a počítače |
| 610 | 2 | 0 | |a softvér |
| 610 | 2 | 0 | |a vzdelávanie elektronické |
| 610 | 2 | 0 | |a testy |
| 610 | 2 | 0 | |a učitelia |
| 610 | 2 | 0 | |a študenti |
| 100 | 1 | |a Kršjak, Miroslav | |